000 00346nam a2200133Ia 4500
005 20251222143309.0
008 251222s9999||||xx |||||||||||||| ||spa||
020 _a968-16-2374-6
082 _a907.2/C91
100 _aCroce, Benedetto
245 0 _aLa Historia como Hazaña de la Libertad
264 _bFondo de Cultura Económica
942 _cLIB
999 _c15624
_d15624